000 00576nam a2200229Ia 4500
003 OSt
005 20220924150727.0
006 a|||||r|||| 00| 0
007 ta
008 220923b |||||||| |||| 00| 0 ara d
024 _a334380
037 _cTextual
040 _aARTS
_cARTS
_bara
041 _2ara
_aara
082 _aO13,1:g, 28M4
100 _aAitman Ahmad Au.
_9222806
245 0 _aAl-sherul aghreeqi
260 _c1984
650 _aGREEK LITERATURE
942 _hO13,1:g, 28M4
_cTEXL
_2CC
999 _c464333
_d464333